Central Library OPAC University of Rajshahi

Unit operations of chemical engineering / (Record no. 70783)

MARC details
000 -LEADER
fixed length control field 00971nam a2200289 a 4500
001 - CONTROL NUMBER
control field 70783
003 - CONTROL NUMBER IDENTIFIER
rucl marc code BD-RjUL
005 - DATE AND TIME OF LATEST TRANSACTION
control field 20211209082035.0
008 - FIXED-LENGTH DATA ELEMENTS--GENERAL INFORMATION
fixed length control field 170419s1976 nyua b 001 0 eng
020 ## - INTERNATIONAL STANDARD BOOK NUMBER
International Standard Book Number 0070448256
035 ## - SYSTEM CONTROL NUMBER
System control number (BD-RjUL)70997
040 ## - CATALOGING SOURCE
Original cataloging agency DLC
Transcribing agency DLC
Modifying agency EQO
-- BD-RjUL
Language of cataloging eng
041 ## - LANGUAGE CODE
Language code of text/sound track or separate title eng
082 ## - DEWEY DECIMAL CLASSIFICATION NUMBER
Edition number 23
Classification number 660.2842
Author mark and year MCU 1976
100 1# - MAIN ENTRY--PERSONAL NAME
Personal name McCabe, Warren L.
Fuller form of name (Warren Lee),
Dates associated with a name 1899-
9 (RLIN) 209502
245 10 - TITLE STATEMENT
Title Unit operations of chemical engineering /
Statement of responsibility, etc. Warren L. McCabe and Julian C. Smith.
250 ## - EDITION STATEMENT
Edition statement 3d ed.
260 ## - PUBLICATION, DISTRIBUTION, ETC. (IMPRINT)
Place of publication, distribution, etc. New York :
Name of publisher, distributor, etc. McGraw-Hill,
Date of publication, distribution, etc. c1976.
300 ## - PHYSICAL DESCRIPTION
Pagination viii, 1028 p. :
Illustrations ill. ;
Size 25 cm.
490 1# - SERIES STATEMENT
Series statement McGraw-Hill chemical engineering series
504 ## - BIBLIOGRAPHY, ETC. NOTE
Bibliography, etc Includes bibliographies and index.
650 #0 - SUBJECT ADDED ENTRY--TOPICAL TERM
Topical term or geographic name as entry element Chemical processes.
9 (RLIN) 161701
Topical term or geographic name as entry element Chemical engineering
9 (RLIN) 209503
700 1# - ADDED ENTRY--PERSONAL NAME
Personal name Smith, Julian C.
Fuller form of name (Julian Cleveland),
Dates associated with a name 1919-
830 #0 - SERIES ADDED ENTRY--UNIFORM TITLE
Uniform title McGraw-Hill chemical engineering series
942 ## - ADDED ENTRY ELEMENTS (KOHA)
Source of classification or shelving scheme Dewey Decimal Classification
Koha item type Books
Holdings
Lost status Source of classification or shelving scheme Damaged status Not for loan Collection code Permanent Location Current Location Shelving location Date acquired Source of acquisition Cost, normal purchase price Total Checkouts Full call number Date last seen Copy number Koha item type Date checked out
  Dewey Decimal Classification   Not For Loan Non-fiction Central Library, University of Rajshahi Central Library, University of Rajshahi Reading Room 05/05/1985 Heffers. 10.50   660.2842 MCU 1976 20/04/2017 C-1 Books  
  Dewey Decimal Classification     Non-fiction Central Library, University of Rajshahi Central Library, University of Rajshahi   05/05/1985 Heffers 10.50 2 660.2842 MCU 1976 10/11/2025 C-2 Books 26/10/2025
  Dewey Decimal Classification     Non-fiction Central Library, University of Rajshahi Central Library, University of Rajshahi   14/10/1984 Heffers   1 660.2842 MCU 1976 19/10/2023 C-3 Books 05/10/2023
  Dewey Decimal Classification     Non-fiction Central Library, University of Rajshahi Central Library, University of Rajshahi   05/05/1983 Heffers 10.50   660.2842 MCU 1976 13/11/2019 C-4 Books